000 01112cam a2200301 a 4500
001 1859899
003 OSt
005 20140903135140.0
008 820330r1982 nyu 000 0 eng
010 _a 82007169
020 _a0020641001
040 _aDLC
_cThe Mico University College
_dDLC
043 _an-us---
050 0 0 _aLA210
_b.A534 1982
082 0 0 _a370/.973 ADL
_219
100 1 _d1902-2001.
245 1 4 _aThe Paideia proposal :
_ban educational manifesto /
_cMortimer J. Adler, on behalf of the members of the Paideia Group.
250 _a1st Macmillan paperbacks ed.
260 _aNew York :
_bMacmillan,
_c1982.
300 _axii, 84 p. ;
_c22 cm.
500 _aFirst vol. of the author's trilogy; the 2nd of which is Paideia problems and possibilities, and the 3rd of which is The Paideia program.
650 0 _aEducation
_xAims and objectives
_zUnited States.
650 0 _aEducational equalization
_zUnited States.
650 0 _aEducation
_xPhilosophy.
710 2 _aPaideia Group.
906 _a7
_bcbc
_corignew
_d1
_eocip
_f19
_gy-gencatlg
942 _2ddc
_cBK
999 _c16371
_d16111